000 00189 a2200097 4500
020 _a9788434814554
041 _aspa
100 _aWilliam amus
245 _aAzules contra Grises
942 _cK
999 _c27504
_d27504